000 00516nam a22001817a 4500
005 20140211115233.0
010 _aENG-109090
020 _a9789350620656
_c100.00
035 _aEN-92623
037 _bDBAD/PUB
082 _a658.0076
100 _aGraham, Lyn
245 _aCoordinate business resources /
_cby Lyn Graham
260 _aNew Delhi
_bExcel Books
_c2012
270 _aA- 45, Naraina, Phase 1
_bNew Delhi
_e110028
300 _axiv, 62p.
_c24cm(pbk)
942 _2ddc
_cEN
_mGRA
_h658.0076
999 _c81853
_d81853